00312 a2200109 4500000002500000100001700025110001700042245006300059250002000122260003000142264003000172 nam a22 7a 4500 aSingh, Sumer aSingh, Sumer aSanskrit Sahitya me Ayurved Darshan Avm Yog ( 4 Bhago Me ) aLatest edition  bParadise Publishersc2025 bParadise Publishersc2025